[Event "7th Open"]
[Site "Dubai UAE"]
[Date "2005.04.09"]
[Round "6"]
[White "Wang Yu A"]
[Black "Saleh,Nab"]
[Result "1/2-1/2"]
[WhiteElo "2373"]
[BlackElo "2260"]
[EventDate "2005.04.04"]

1. e4 Nf6 2. Nc3 d5 3. exd5 Nxd5 4. Bc4 Nb6 5. Bb3 a5 6. Qf3 e6 7. a3 Nc6
8. Nge2 Be7 9. d3 a4 10. Ba2 Bd7 11. d4 O-O 12. Bf4 Na5 13. O-O Bd6 14.
Rad1 Nac4 15. Bc1 Bc6 16. Qd3 Ra5 17. f4 Bd5 18. f5 Qd7 19. Nxd5 exd5 20.
Nc3 c6 21. Rde1 Raa8 22. Nb1 Rae8 23. Nd2 Rxe1 24. Rxe1 Re8 25. Rxe8+ Qxe8
26. Bxc4 Nxc4 27. Nf3 Qe7 28. Kf1 h6 29. g3 Qf6 30. Kg2 Bc7 31. b3 axb3 32.
cxb3 Nd6 33. Bf4 Bb6 34. Bxd6 Qxd6 35. b4 Qe7 36. Kf2 Bc7 37. Qe3 Qd7 38.
Qd3 Qe7 39. Qe3 1/2-1/2

[Event "7th Open"]
[Site "Dubai UAE"]
[Date "2005.04.09"]
[Round "6"]
[White "Omearat,A"]
[Black "El Arousy,A"]
[Result "1/2-1/2"]
[WhiteElo "2244"]
[BlackElo "2371"]
[EventDate "2005.04.04"]

1. d4 d5 2. c4 dxc4 3. Nf3 Nf6 4. e3 e6 5. Bxc4 c5 6. O-O a6 7. e4 b5 8.
Bd3 Bb7 9. e5 Nd5 10. a4 bxa4 11. dxc5 Nd7 12. Qxa4 Bxc5 13. Nbd2 Qc7 14.
Qg4 g6 15. Nc4 Nb4 16. Be2 h6 17. Be3 Kf8 18. Bxc5+ Qxc5 19. Rfc1 Kg7 20.
Nd6 Qb6 21. Qf4 Rhf8 22. Nc4 Qa7 23. Ne3 1/2-1/2

[Event "7th Open"]
[Site "Dubai UAE"]
[Date "2005.04.09"]
[Round "6"]
[White "Al Qudaimi,B"]
[Black "Nadig,K"]
[Result "1-0"]
[WhiteElo "2363"]
[BlackElo "2241"]
[EventDate "2005.04.04"]

1. e4 e5 2. Nf3 Nc6 3. Bc4 Bc5 4. O-O Nf6 5. c3 d6 6. d4 Bb6 7. dxe5 dxe5
8. Qe2 O-O 9. h3 Qe7 10. b4 Be6 11. a4 a5 12. b5 Nd8 13. Nbd2 Nd7 14. Rd1
Bc5 15. Nf1 Bxc4 16. Qxc4 Nb6 17. Qe2 f6 18. Nh4 Qf7 19. Nf5 Kh8 20. N5e3
Ne6 21. Nd5 Nxd5 22. exd5 Nd8 23. Be3 Bxe3 24. Qxe3 Qd7 25. Ng3 Nf7 26. c4
f5 27. Qc3 b6 28. c5 bxc5 29. Rac1 Rac8 30. Qxc5 Nd6 31. Qc6 Qe7 32. Re1 f4
33. Ne4 Nxe4 34. Rxe4 Rcd8 35. Qxc7 Qxc7 36. Rxc7 Rxd5 37. b6 Rd4 38. Kh2
Rd1 39. b7 h6 40. Rxe5 Kh7 41. Rc8 1-0

[Event "7th Open"]
[Site "Dubai UAE"]
[Date "2005.04.10"]
[Round "7"]
[White "Kacheishvili,G"]
[Black "Iordachescu,V"]
[Result "1/2-1/2"]
[WhiteElo "2597"]
[BlackElo "2609"]
[EventDate "2005.04.04"]

1. d4 Nf6 2. c4 e6 3. Nf3 b6 4. Bg5 Bb7 5. Nc3 h6 6. Bh4 Bb4 7. Nd2 Be7 8.
e4 O-O 9. Bg3 d5 10. e5 Nfd7 11. cxd5 exd5 12. Nf3 c5 13. Bd3 Nc6 14. O-O
Nxd4 15. Nxd4 cxd4 16. Ne2 Nc5 17. Nxd4 Nxd3 18. Qxd3 Bc5 19. f4 Bxd4+ 20.
Qxd4 Rc8 21. Rac1 Rc4 22. Rxc4 dxc4 23. Qxc4 Qd2 24. Rf2 Qd1+ 25. Qf1 Rd8
26. h3 Qxf1+ 27. Rxf1 Rd2 28. Rf2 1/2-1/2

[Event "7th Open"]
[Site "Dubai UAE"]
[Date "2005.04.10"]
[Round "7"]
[White "Gelashvili,T"]
[Black "Georgiev,Ki"]
[Result "1/2-1/2"]
[WhiteElo "2577"]
[BlackElo "2666"]
[EventDate "2005.04.04"]

1. d4 Nf6 2. c4 g6 3. Nc3 d5 4. Bg5 Ne4 5. Bh4 Nxc3 6. bxc3 Bg7 7. e3 c5 8.
cxd5 Qxd5 9. Nf3 cxd4 10. cxd4 Nc6 11. Be2 O-O 12. O-O Bf5 13. Qb3 Be4 14.
Bg3 Qxb3 15. axb3 Rfd8 16. Nd2 Bd5 17. Nc4 Rac8 18. h3 f5 19. Na5 Nxa5 20.
Rxa5 a6 21. b4 Rc2 22. Bd3 Rc3 23. Be2 Rc2 1/2-1/2

[Event "7th Open"]
[Site "Dubai UAE"]
[Date "2005.04.10"]
[Round "7"]
[White "Riazantsev,A"]
[Black "Neverov,V"]
[Result "1/2-1/2"]
[WhiteElo "2608"]
[BlackElo "2566"]
[EventDate "2005.04.04"]

1. c4 Nf6 2. Nc3 d5 3. cxd5 Nxd5 4. g3 g6 5. Bg2 Nxc3 6. bxc3 Bg7 7. Rb1
Nd7 8. Nf3 O-O 9. O-O Nb6 10. Ng5 Rb8 11. Qb3 Bd7 12. d3 Na4 13. Ne4 b6 14.
Bd2 c5 15. c4 Qc7 16. Qc2 h6 17. Nc3 Nxc3 18. Bxc3 Rfd8 19. Bxg7 Kxg7 20.
Qc3+ f6 21. Qc1 Be8 22. Qe3 Rd6 23. Rb3 Bf7 1/2-1/2

[Event "7th Open"]
[Site "Dubai UAE"]
[Date "2005.04.10"]
[Round "7"]
[White "Zhang Zhong"]
[Black "Sturua,Z"]
[Result "1-0"]
[WhiteElo "2599"]
[BlackElo "2530"]
[EventDate "2005.04.04"]

1. e4 e5 2. Nf3 Nc6 3. Bb5 Nf6 4. O-O Nxe4 5. d4 Nd6 6. Bxc6 dxc6 7. dxe5
Nf5 8. Qxd8+ Kxd8 9. Nc3 Bd7 10. b3 Kc8 11. Bb2 b6 12. Rad1 h6 13. Ne2 Ne7
14. h3 Ng6 15. Ne1 h5 16. f4 Ne7 17. Rf3 Nf5 18. Rfd3 Bc5+ 19. Kh2 Be6 20.
Bd4 Be7 21. Bf2 h4 22. Nf3 c5 23. c4 a5 24. a4 Kb7 25. Nc3 Rae8 26. Nd5 Bd8
27. Nd2 Bc8 28. Nf3 f6 29. exf6 gxf6 30. Ne3 Be7 31. Nxf5 Bxf5 32. Nxh4
Bxd3 33. Rxd3 Bd6 34. Rf3 Re4 35. g3 b5 36. Rc3 bxa4 37. bxa4 Kc6 38. Kg2
Rb8 39. Kf3 Ree8 40. Ng6 Rb4 41. g4 Rxa4 42. Bh4 Ra1 43. Bxf6 a4 44. g5 Ra8
45. Rc2 Rf1+ 46. Kg4 a3 47. Ra2 Kd7 48. Kf5 Rh1 49. h4 Ra4 50. Ne5+ Bxe5
51. fxe5 Rxh4 52. e6+ Ke8 53. g6 Rh5+ 54. Bg5 Rh8 55. Rd2 Ra8 56. e7 1-0

[Event "7th Open"]
[Site "Dubai UAE"]
[Date "2005.04.10"]
[Round "7"]
[White "Kunte,A"]
[Black "Aleksandrov,A"]
[Result "1/2-1/2"]
[WhiteElo "2561"]
[BlackElo "2635"]
[EventDate "2005.04.04"]

1. Nf3 Nf6 2. c4 e6 3. Nc3 d5 4. d4 Bb4 5. Bg5 Nbd7 6. cxd5 exd5 7. Qc2 c5
8. e3 Qa5 9. Bd3 c4 10. Bf5 O-O 11. O-O Re8 12. Nd2 g6 13. Bh3 Nh5 14. a3
Bxc3 15. Qxc3 Qxc3 16. bxc3 Ng7 17. Rab1 Ne6 18. Bxe6 Rxe6 19. e4 Nb6 20.
f3 f6 21. Bh4 Kf7 22. Rfe1 Rc6 23. a4 dxe4 24. fxe4 Nxa4 25. d5 Rb6 26.
Rxb6 axb6 27. Nxc4 g5 28. Bg3 Kg6 29. e5 b5 30. Nd6 fxe5 31. Bxe5 Nb6 32.
Bd4 Nxd5 33. Re8 Ra1+ 34. Kf2 Ra2+ 35. Kf3 Bd7 36. Rg8+ Kh5 37. Rg7 Be6 38.
Rxh7+ Kg6 39. Rg7+ Kh6 40. Ne4 g4+ 41. Kg3 b4 42. Rxb7 bxc3 43. Nxc3
1/2-1/2

[Event "7th Open"]
[Site "Dubai UAE"]
[Date "2005.04.10"]
[Round "7"]
[White "Ibrahimov,R"]
[Black "Ghaem Maghami,E"]
[Result "1/2-1/2"]
[WhiteElo "2511"]
[BlackElo "2632"]
[EventDate "2005.04.04"]

1. Nf3 Nf6 2. c4 b6 3. g3 Bb7 4. Bg2 e6 5. O-O c5 6. Nc3 a6 7. d4 cxd4 8.
Qxd4 d6 9. Bg5 Nbd7 10. Rfd1 Qc7 11. Nd2 Bxg2 1/2-1/2

[Event "7th Open"]
[Site "Dubai UAE"]
[Date "2005.04.10"]
[Round "7"]
[White "Bu Xiangzhi"]
[Black "Sandipan,C"]
[Result "1-0"]
[WhiteElo "2630"]
[BlackElo "2558"]
[EventDate "2005.04.04"]

1. c4 Nf6 2. Nc3 g6 3. g3 Bg7 4. Bg2 O-O 5. e4 d6 6. Nge2 e5 7. O-O Nbd7 8.
d4 exd4 9. Nxd4 Re8 10. h3 a6 11. Be3 Rb8 12. a4 Nc5 13. Qc2 a5 14. Rad1
Bd7 15. Rfe1 Re7 16. Ndb5 b6 17. Bd4 Re8 18. Be3 Qc8 19. Kh2 h5 20. f3 Be6
21. b3 Nh7 22. Bf2 f5 23. Nd4 Bd7 24. f4 fxe4 25. Nxe4 Bxd4 26. Nxd6 Bf5
27. Nxc8 Rxe1 28. Rxe1 Bxc2 29. Re8+ Kf7 30. Re7+ Kf8 31. Bxd4 Rxc8 32.
Rxh7 Rd8 33. Bd5 c6 34. Bg7+ Ke7 35. Be5+ Kf8 36. Bf6 Rxd5 37. cxd5 cxd5
38. Rc7 Bxb3 39. Be7+ Ke8 40. Bxc5 bxc5 41. Rxc5 d4 42. Rb5 Bxa4 43. Rxa5
Bc2 44. Rd5 d3 45. Kg1 Ke7 46. Kf2 Ke6 47. Re5+ Kf6 48. Ke3 Ba4 49. Rd5 Bc2
50. Rg5 Bb3 51. Kxd3 Be6 52. g4 hxg4 53. hxg4 1-0

[Event "7th Open"]
[Site "Dubai UAE"]
[Date "2005.04.10"]
[Round "7"]
[White "Ravi,L"]
[Black "Sargissian,G"]
[Result "0-1"]
[WhiteElo "2416"]
[BlackElo "2630"]
[EventDate "2005.04.04"]

1. d4 Nf6 2. Nf3 e6 3. c4 d5 4. Nc3 Bb4 5. Bg5 Nbd7 6. cxd5 exd5 7. e3 c5
8. Bd3 c4 9. Bf5 Nb6 10. Bxc8 Rxc8 11. Ne5 O-O 12. O-O Be7 13. f4 Ne4 14.
Bxe7 Qxe7 15. Rf3 f6 16. Ng4 Qd7 17. Rh3 Nxc3 18. bxc3 Na4 19. Qc2 Qxg4 20.
Qxh7+ Kf7 21. Rg3 Rh8 22. Qxh8 Rxh8 23. Rxg4 Nxc3 24. f5 b5 25. a3 a5 26.
h3 Rh5 27. Kf1 Rxf5+ 28. Rf4 Rxf4+ 29. exf4 b4 30. axb4 axb4 31. Ra7+ Kg6
32. g4 b3 33. Rb7 Na2 34. h4 c3 35. f5+ Kh7 36. g5 c2 0-1

[Event "7th Open"]
[Site "Dubai UAE"]
[Date "2005.04.10"]
[Round "7"]
[White "Miroshnichenko,E"]
[Black "Mamedov,Rau"]
[Result "1-0"]
[WhiteElo "2628"]
[BlackElo "2511"]
[EventDate "2005.04.04"]

1. d4 Nf6 2. c4 g6 3. Nc3 Bg7 4. e4 d6 5. h3 O-O 6. Nf3 e5 7. d5 a5 8. Bg5
Na6 9. Nd2 Qe8 10. Be2 h6 11. Be3 Nh7 12. g4 Kh8 13. Nf1 f5 14. gxf5 gxf5
15. exf5 Bxf5 16. Ng3 Bg6 17. Qd2 Nb4 18. Nge4 Nf6 19. f3 Nxe4 20. fxe4 Rf4
21. a3 Na6 22. Bxf4 exf4 23. Qxf4 Nc5 24. Rg1 Kh7 25. Rd1 Be5 26. Qg4 Qf7
27. Bf3 Re8 28. Kd2 Bxc3+ 29. bxc3 h5 30. Qg3 Bxe4 31. Rdf1 Bg6 32. Bh1 Qg7
33. Re1 Qh6+ 34. Qg5 Nb3+ 35. Kd1 Qxg5 36. Rxg5 Bc2+ 37. Kxc2 Rxe1 38. Kxb3
Rxh1 39. Rxh5+ Kg7 40. Ka4 Rc1 41. Rg5+ Kf7 42. Rg3 Ra1 43. Re3 Kf8 44.
Kxa5 Rxa3+ 45. Kb4 Ra1 46. c5 Rb1+ 47. Kc4 b5+ 48. cxb6 Rxb6 49. h4 Rb1 50.
h5 Rh1 51. Kb5 Rxh5 52. Kc6 Rh7 53. Re4 Rf7 54. c4 Rh7 55. Re1 1-0

[Event "7th Open"]
[Site "Dubai UAE"]
[Date "2005.04.10"]
[Round "7"]
[White "Gupta,Ab"]
[Black "Kotsur,P"]
[Result "1/2-1/2"]
[WhiteElo "2361"]
[BlackElo "2599"]
[EventDate "2005.04.04"]

1. d4 e6 2. c4 Nf6 3. Nc3 Bb4 4. Qc2 c5 5. dxc5 Bxc5 6. Nf3 Qb6 7. e3 Qc7
8. b3 b6 9. Bb2 a6 10. Bd3 Bb7 11. O-O Be7 12. Ne4 d6 13. Nxf6+ gxf6 14.
Be4 Nd7 15. Rac1 h5 16. Rfd1 Rc8 17. Nd2 Rh6 18. Bxb7 Qxb7 19. Qe4 Rc6 20.
Qf4 Rg6 21. Qf3 Nc5 22. Nf1 h4 23. b4 Nd7 24. Nd2 Ne5 25. Bxe5 fxe5 26. h3
Qc8 27. Nb3 Kf8 28. Qe2 Kg8 29. a4 Rc7 30. Kf1 Bf8 31. Rc2 d5 32. Rdc1 Bxb4
33. cxd5 Rxc2 34. Rxc2 Qd7 35. dxe6 Qxe6 36. Qc4 a5 37. Qxe6 Rxe6 38. Rc4
Kf8 39. Ke2 Rg6 40. Nc1 Rxg2 41. Nd3 Bd6 42. Rxh4 Rg1 43. Rc4 Ke7 44. Ne1
Rh1 45. h4 Ke6 46. Rg4 f5 47. Rg6+ Kd5 48. Rh6 e4 49. Rh5 Kc4 50. Rxf5 Rxh4
51. Ng2 Rh2 52. Nf4 Rh1 53. Rb5 Bb4 54. f3 Rh2+ 55. Kf1 exf3 56. Nd5 Bc5
57. Rxb6 Ra2 58. Rf6 Rxa4 59. Rxf3 Rb4 60. Ke1 Kb3 61. e4+ Kb2 62. Rf2+ Kb1
63. Kd2 a4 64. Kc3 Rxe4 65. Rf1+ Ka2 66. Rf2+ Ka3 67. Rf8 Re2 68. Ra8 Rh2
69. Ra7 Rh4 70. Kc2 Ka2 71. Rc7 Rh2+ 72. Kc1 a3 73. Rb7 Rb2 74. Rc7 Rh2
1/2-1/2

[Event "7th Open"]
[Site "Dubai UAE"]
[Date "2005.04.10"]
[Round "7"]
[White "Solak,D"]
[Black "Sundararajan,K"]
[Result "1/2-1/2"]
[WhiteElo "2582"]
[BlackElo "2491"]
[EventDate "2005.04.04"]

1. c4 c5 2. g3 g6 3. Bg2 Bg7 4. Nc3 Nc6 5. e4 d6 6. d3 Nf6 7. Nge2 O-O 8.
O-O Rb8 9. Rb1 Ne8 10. Be3 Nd4 11. b4 Nc7 12. Qd2 Bg4 13. f3 Bd7 14. f4 b5
15. bxc5 dxc5 16. e5 Bg4 17. Bxd4 Bxe2 18. Nxe2 cxd4 19. Qa5 a6 20. cxb5
Nxb5 21. Qxa6 Nc3 22. Nxc3 dxc3 23. Qc4 1/2-1/2

[Event "7th Open"]
[Site "Dubai UAE"]
[Date "2005.04.10"]
[Round "7"]
[White "Guseinov,G"]
[Black "Mariano,N1"]
[Result "1-0"]
[WhiteElo "2573"]
[BlackElo "2468"]
[EventDate "2005.04.04"]

1. e4 c5 2. Nf3 d6 3. d4 cxd4 4. Nxd4 a6 5. Nc3 e6 6. g3 b5 7. Bg2 Bb7 8.
O-O Nd7 9. Re1 Be7 10. a4 bxa4 11. Rxa4 Qc7 12. Qh5 g6 13. Qe2 Nb6 14. Rb4
Nf6 15. Na4 Nxa4 16. e5 Bxg2 17. exf6 Bxf6 18. Nxe6 fxe6 19. Qxe6+ Qe7 20.
Qxe7+ Bxe7 21. Kxg2 Nc5 22. Bg5 O-O-O 23. Rxe7 Rd7 24. Rh4 h5 25. Re1 Rf8
26. b4 Nb7 27. Rc4+ Kb8 28. Re6 Rg8 29. Rc6 Rc7 30. Rxa6 Rxc2 31. Bf4 1-0

[Event "7th Open"]
[Site "Dubai UAE"]
[Date "2005.04.10"]
[Round "7"]
[White "Al Modiahki,M"]
[Black "Rohit,G"]
[Result "1-0"]
[WhiteElo "2569"]
[BlackElo "2352"]
[EventDate "2005.04.04"]

1. e4 c5 2. Nf3 e6 3. d4 cxd4 4. Nxd4 a6 5. Bd3 Bc5 6. Nb3 Ba7 7. O-O Nc6
8. Qe2 d6 9. Be3 Nf6 10. a4 O-O 11. N1d2 e5 12. Bxa7 Rxa7 13. a5 d5 14.
exd5 Nxd5 15. g3 Re8 16. Rfd1 Nf6 17. Ne4 Qe7 18. Nd6 Rd8 19. Nxc8 Rxc8 20.
Bf5 Re8 21. c3 Raa8 22. Qe3 Rad8 23. Qc5 Kf8 24. Qxe7+ Kxe7 25. Nc5 Rxd1+
26. Rxd1 Rb8 27. b4 Na7 28. Re1 Kd6 29. Nd7 Nxd7 30. Rd1+ Kc6 31. Rxd7 Nb5
32. Rxf7 Nxc3 33. Rxg7 Kb5 34. Rg4 h6 35. Bd7+ 1-0

[Event "7th Open"]
[Site "Dubai UAE"]
[Date "2005.04.10"]
[Round "7"]
[White "Volkov,S1"]
[Black "Ramesh,R"]
[Result "1/2-1/2"]
[WhiteElo "2634"]
[BlackElo "2466"]
[EventDate "2005.04.04"]

1. d4 Nf6 2. c4 e6 3. Nc3 Bb4 4. e3 O-O 5. Nge2 d5 6. a3 Bd6 7. c5 Be7 8.
b4 b6 9. Nf4 a5 10. Bd2 axb4 11. axb4 Rxa1 12. Qxa1 Nc6 13. b5 e5 14. bxc6
exf4 15. cxb6 fxe3 16. fxe3 cxb6 17. Be2 Qc7 18. Qa4 Bd6 19. h3 Bg3+ 20.
Kd1 Be6 21. Rf1 Rc8 22. Bb5 Ne4 23. Nxe4 dxe4 24. Ke2 Qd8 25. Bc4 Qg5 26.
Bc3 h5 27. Kd2 Bc7 28. g4 hxg4 29. Bxe6 fxe6 30. Qa6 Qd8 31. hxg4 Ra8 32.
Qc4 Qd6 33. Bb4 Qh2+ 34. Kc3 Qh6 35. Qe2 Bg3 36. Kb2 Qg5 37. Rc1 Bc7 38.
Rc3 Ra4 39. Ba3 Qd5 40. Qc2 Ra5 41. Qb3 Kf7 42. Bb4 Ra8 43. Qxd5 exd5 44.
Rc2 1/2-1/2

[Event "7th Open"]
[Site "Dubai UAE"]
[Date "2005.04.10"]
[Round "7"]
[White "Areshchenko,A"]
[Black "Al Qudaimi,B"]
[Result "1-0"]
[WhiteElo "2595"]
[BlackElo "2363"]
[EventDate "2005.04.04"]

1. e4 c5 2. Nf3 d6 3. d4 cxd4 4. Nxd4 Nf6 5. Nc3 a6 6. Be3 Ng4 7. Bc1 Nf6
8. Be2 e5 9. Nb3 b6 10. Bg5 Be7 11. Bxf6 Bxf6 12. Nd5 O-O 13. a4 Nd7 14.
Nd2 Bb7 15. Bc4 Bg5 16. Nb1 Kh8 17. Nbc3 Nc5 18. O-O Bc6 19. Qe2 a5 20. b3
Ne6 21. Rad1 Nd4 22. Qd3 Rc8 23. Ba6 Ra8 24. Bb5 Rc8 25. Ba6 Ra8 26. Bc4
Rc8 27. f4 Bh6 28. f5 f6 29. Rf2 Ba8 30. Rdf1 Rc5 31. Nd1 Bxd5 32. Bxd5 Qc7
33. c4 Qe7 34. Qh3 Rcc8 35. Rb2 Qc7 36. Nf2 Qc5 37. Kh1 Qb4 38. Rbb1 Bg5
39. Qd3 Qd2 40. Qh3 Rc7 41. Rbd1 Qe3 1-0

[Event "7th Open"]
[Site "Dubai UAE"]
[Date "2005.04.10"]
[Round "7"]
[White "Sai,Sr"]
[Black "Fedorchuk,S"]
[Result "0-1"]
[WhiteElo "2355"]
[BlackElo "2577"]
[EventDate "2005.04.04"]

1. e4 c5 2. Nf3 d6 3. d4 cxd4 4. Nxd4 Nf6 5. f3 e5 6. Bb5+ Nbd7 7. Nf5 d5
8. exd5 a6 9. Bxd7+ Bxd7 10. Ne3 Bc5 11. c4 b5 12. Nc3 Rc8 13. cxb5 Qb6 14.
Qd3 axb5 15. a3 Nh5 16. O-O f5 17. Kh1 f4 18. Qe4 O-O 19. Qxe5 Qh6 20. g4
Ng3+ 21. Kg2 Rfe8 22. Nf5 Bxf5 23. Qxf4 Qxf4 24. Bxf4 Nxf1 25. Rxf1 Bd7 26.
d6 Bxa3 27. Nd5 Rc2+ 28. Kg3 Bxb2 29. Nb6 Rd8 30. Bg5 Bf6 0-1

[Event "7th Open"]
[Site "Dubai UAE"]
[Date "2005.04.10"]
[Round "7"]
[White "Wu Wenjin"]
[Black "Wang Rui"]
[Result "0-1"]
[WhiteElo "2535"]
[BlackElo "2457"]
[EventDate "2005.04.04"]

1. d4 Nf6 2. Nf3 g6 3. Bg5 Ne4 4. Bf4 Bg7 5. Nbd2 d5 6. c3 c5 7. Be5 f6 8.
Bxb8 Rxb8 9. e3 Nxd2 10. Bb5+ Kf7 11. Nxd2 Qb6 12. Ba4 Qxb2 13. dxc5 Qxc3
14. Rc1 Qd3 15. Bc2 Qb5 16. h4 h5 17. Bb3 Rd8 18. Nf3 Bg4 19. Qd2 Bxf3 20.
gxf3 e6 21. Rg1 Rbc8 22. Qd4 a5 23. e4 Qb4+ 24. Qxb4 axb4 25. Ke2 Bh6 26.
Rc2 dxe4 27. fxe4 Rd4 28. Kf3 Rd3+ 29. Kg2 Rc3 30. Rd1 R8xc5 31. Re2 Ke7
32. Rd4 Rb5 33. Re1 e5 34. Rd5 Rxd5 35. Bxd5 Rc2 36. Bb3 Rd2 37. Rd1 Rb2
38. Kf1 Bd2 39. Kg1 g5 40. hxg5 fxg5 41. Kg2 Be3 42. Rf1 Kf6 43. Kg1 Bd4
0-1

[Event "7th Open"]
[Site "Dubai UAE"]
[Date "2005.04.11"]
[Round "8"]
[White "Gagunashvili,M"]
[Black "Zhang Zhong"]
[Result "1/2-1/2"]
[WhiteElo "2547"]
[BlackElo "2599"]
[EventDate "2005.04.04"]

1. d4 Nf6 2. c4 e6 3. Nc3 Bb4 4. Qc2 d5 5. cxd5 Qxd5 6. Nf3 Qf5 7. Qxf5
exf5 8. a3 Be7 9. e3 Nbd7 10. Bd3 Nb6 11. Bd2 a5 12. O-O a4 13. Rfc1 c6 14.
Na2 Nbd5 15. Nb4 O-O 16. Nxd5 Nxd5 17. Bc4 Rd8 18. Ne5 Be6 19. Nd3 Nb6 20.
Ba2 Bxa2 21. Rxa2 Nd5 22. g3 Nc7 23. Bb4 Bf6 24. Nc5 Ra7 25. Raa1 Ne6 26.
Nd3 g5 27. Bc5 Ra6 28. Rab1 f4 29. gxf4 gxf4 30. Kg2 fxe3 31. fxe3 Re8 32.
Bd6 Ra5 33. Kh1 Bg7 34. Rg1 f6 35. Rbf1 1/2-1/2

[Event "7th Open"]
[Site "Dubai UAE"]
[Date "2005.04.11"]
[Round "8"]
[White "Zhang Pengxiang"]
[Black "Kacheishvili,G"]
[Result "1/2-1/2"]
[WhiteElo "2583"]
[BlackElo "2597"]
[EventDate "2005.04.04"]

1. e4 c5 2. Nf3 d6 3. d4 cxd4 4. Nxd4 Nf6 5. f3 Nc6 6. Nc3 e5 7. Nb3 Be7 8.
Be3 O-O 9. Qd2 a5 10. Bb5 Be6 11. O-O Na7 12. Be2 Nc8 13. Bb5 Na7 14. Be2
Nc8 15. Bb5 Nb6 16. Qf2 Nc4 17. Bxc4 Bxc4 18. Rfd1 Qc8 19. Na4 Nd7 20. Nd2
Be6 21. c4 f5 22. exf5 Bxf5 23. Nc3 Nf6 24. Qe2 Qc6 25. b3 Rf7 26. Re1 Raf8
27. Rad1 h6 28. Bf2 1/2-1/2

[Event "7th Open"]
[Site "Dubai UAE"]
[Date "2005.04.11"]
[Round "8"]
[White "Gelashvili,T"]
[Black "Bu Xiangzhi"]
[Result "0-1"]
[WhiteElo "2577"]
[BlackElo "2630"]
[EventDate "2005.04.04"]

1. d4 d5 2. c4 c6 3. Nf3 Nf6 4. e3 Bf5 5. Nc3 e6 6. Nh4 Bg6 7. Nxg6 hxg6 8.
Qb3 Qc7 9. g3 Nbd7 10. Bd2 Be7 11. Rd1 Rd8 12. Bg2 Nb6 13. cxd5 exd5 14.
Qc2 Qd7 15. Bc1 Qf5 16. Qe2 O-O 17. O-O Rfe8 18. b3 Bb4 19. Bb2 Rd7 20. a3
Bd6 21. Na2 Rde7 22. Nc1 g5 23. h3 Nbd7 24. g4 Qe6 25. Nd3 Bb8 26. Rfe1 Ne4
27. f4 f5 28. Ne5 Rf8 29. Bxe4 dxe4 30. gxf5 Rxf5 31. Qc4 Nb6 32. Qc2 Nd5
33. Qxe4 gxf4 34. exf4 Nxf4 35. Qf3 Rg5+ 36. Kh1 Nxh3 37. Re2 Bxe5 38. dxe5
Rf7 39. Rd8+ Kh7 40. Qe4+ g6 41. Qc4 Qxc4 42. bxc4 Rf1+ 43. Kh2 Nf2 0-1

[Event "7th Open"]
[Site "Dubai UAE"]
[Date "2005.04.11"]
[Round "8"]
[White "Sargissian,G"]
[Black "Guseinov,G"]
[Result "1/2-1/2"]
[WhiteElo "2630"]
[BlackElo "2573"]
[EventDate "2005.04.04"]

1. d4 Nf6 2. c4 g6 3. Nf3 Bg7 4. g3 c6 5. Bg2 O-O 6. Nc3 d5 7. Qb3 Qb6 8.
O-O Rd8 9. Bf4 dxc4 10. Qxc4 Be6 11. Qd3 Na6 12. Qc2 Nb4 13. Qa4 Nbd5 14.
Qa3 Nxf4 15. gxf4 Bd5 16. e3 e6 17. b3 Ne4 18. Nxe4 Bxe4 19. Ne5 Bxg2 20.
Kxg2 Bxe5 21. fxe5 Rd5 22. Rfc1 Qd8 23. Rc5 Qg5+ 24. Kf1 Qh5 25. Rxd5 cxd5
26. Rc1 Qxh2 27. Rc7 Qh3+ 28. Ke2 Qg4+ 29. Kf1 h5 30. Qe7 Rf8 31. Qf6 h4
32. Qf4 Qh5 33. f3 g5 34. Qg4 Qxg4 35. fxg4 f5 36. exf6 Rxf6+ 37. Kg2 Rf7
38. Rxf7 Kxf7 39. a4 b5 40. axb5 Ke7 41. b6 axb6 42. b4 1/2-1/2

[Event "7th Open"]
[Site "Dubai UAE"]
[Date "2005.04.11"]
[Round "8"]
[White "Miroshnichenko,E"]
[Black "Al Modiahki,M"]
[Result "1-0"]
[WhiteElo "2628"]
[BlackElo "2569"]
[EventDate "2005.04.04"]

1. Nf3 d5 2. d4 Nf6 3. c4 c6 4. Qc2 e6 5. g3 Be7 6. Bg2 O-O 7. O-O Nbd7 8.
Nbd2 b6 9. e4 Ba6 10. Re1 Rc8 11. e5 Ne8 12. cxd5 cxd5 13. Qd1 Qc7 14. Nf1
Qc2 15. Qxc2 Rxc2 16. Ne3 Rc8 17. Bd2 Nc7 18. Rec1 Bb7 19. Ne1 f6 20. f4
fxe5 21. fxe5 Nb5 22. N1c2 Bg5 23. a4 Nc7 24. b4 b5 25. a5 Nb8 26. Rd1 Nca6
27. Bh3 Rfe8 28. Na3 Nxb4 29. Rab1 Bxe3+ 30. Bxe3 Nc2 31. Nxc2 Rxc2 32.
Rxb5 Ba6 33. Bxe6+ Rxe6 34. Rxb8+ Kf7 35. Ra8 Re7 36. Rd2 Rc3 37. Bg5 Rb7
38. Rf2+ Kg6 39. Bd2 Rc6 40. g4 Bd3 41. h4 h5 42. Rh8 1-0

[Event "7th Open"]
[Site "Dubai UAE"]
[Date "2005.04.11"]
[Round "8"]
[White "Adly,A"]
[Black "Efimenko,Z"]
[Result "1/2-1/2"]
[WhiteElo "2484"]
[BlackElo "2620"]
[EventDate "2005.04.04"]

1. d4 g6 2. Nf3 Bg7 3. e3 Nf6 4. Be2 O-O 5. b3 c5 6. Bb2 cxd4 7. Nxd4 Qa5+
8. Qd2 Nc6 9. Nxc6 Qxd2+ 10. Nxd2 bxc6 11. Bf3 Nd5 12. Bxg7 Kxg7 13. c4 Nb4
14. Ke2 f5 15. a3 Na6 16. b4 e5 17. Kd1 Nc7 18. Kc2 d5 19. cxd5 cxd5 20.
Rhc1 e4 21. Be2 Ne6 22. g3 d4 23. Bc4 Rd8 24. Nb3 d3+ 25. Kd2 Ng5 26. Nd4
Nh3 27. Bb3 Bd7 28. Rc7 Kh6 29. Rac1 Nxf2 30. Rb7 Ng4 31. h3 Ne5 32. Rc5
Nf3+ 33. Nxf3 exf3 34. Bd5 f2 35. Bg2 Be6 36. Rbc7 Rac8 37. Rxc8 Bxc8 38.
Rc1 Be6 39. b5 Bb3 40. Rb1 Ba2 41. Rf1 Rb8 42. Bc6 Bc4 43. Rxf2 Bxb5 44.
Bxb5 Rxb5 45. Kc3 Rb1 46. Rf4 Rg1 47. g4 fxg4 48. hxg4 Rd1 49. Ra4 Kg5 50.
Rxa7 h6 51. Ra6 h5 52. gxh5 gxh5 53. Ra8 h4 54. Rh8 Kg4 55. a4 h3 56. a5
Kg3 57. a6 h2 58. a7 Ra1 59. Kxd3 Rxa7 60. Rg8+ Kf2 61. Rh8 Ra3+ 62. Ke4
Ra4+ 63. Kf5 Ra5+ 64. Kf6 Kg2 65. Rg8+ Kf3 66. Rh8 Ra2 67. Kf5 Ra5+ 68. Kf6
Ra2 69. Kf5 Kxe3 70. Rh3+ Kd4 71. Kf4 Rb2 72. Kg3 Rb3+ 73. Kxh2 Rxh3+ 74.
Kxh3 1/2-1/2

[Event "7th Open"]
[Site "Dubai UAE"]
[Date "2005.04.11"]
[Round "8"]
[White "Iordachescu,V"]
[Black "Neverov,V"]
[Result "1-0"]
[WhiteElo "2609"]
[BlackElo "2566"]
[EventDate "2005.04.04"]

1. e4 c5 2. Nf3 d6 3. d4 cxd4 4. Nxd4 Nf6 5. Nc3 a6 6. Be3 e5 7. Nb3 Be6 8.
f3 Nbd7 9. Qd2 Be7 10. g4 Rc8 11. O-O-O O-O 12. h4 Nb6 13. h5 Nfd7 14. g5
f5 15. Kb1 f4 16. Bxb6 Nxb6 17. g6 Rf6 18. gxh7+ Kh8 19. Nd5 Nxd5 20. exd5
Bf5 21. Bd3 Qd7 22. Qg2 Rh6 23. Qe2 Rf8 24. Rh2 Bxd3 25. Qxd3 Qf5 26. Qxf5
Rxf5 27. Rdh1 Rg5 28. c3 Rg3 29. Nd2 Kxh7 30. Kc2 Kg8 31. Kd3 Kf7 32. Ke2
Rg5 33. Ne4 Rf5 34. a4 Bd8 35. b4 b6 36. Kd3 Be7 37. Nf2 Ke8 38. Ng4 Rh7
39. h6 gxh6 40. Rxh6 Rxh6 41. Rxh6 Kd7 42. Rh7 Rf8 43. Nh6 b5 44. axb5 axb5
45. Ke4 Rc8 46. Nf5 Re8 47. Kd3 Kd8 48. Rg7 Kd7 49. Rf7 Kd8 50. Rh7 Kd7 51.
c4 bxc4+ 52. Kxc4 Kd8 53. Kd3 Bf8 54. b5 Kc8 55. Rf7 Kb8 56. b6 Rc8 57. b7
Re8 58. Kc4 Ka7 59. Kb5 Rb8 60. Kc6 Re8 61. Rc7 Rb8 62. Nh4 Bh6 63. Rh7 Bg5
64. Nf5 e4 65. Nxd6 exf3 66. Rh2 1-0

[Event "7th Open"]
[Site "Dubai UAE"]
[Date "2005.04.11"]
[Round "8"]
[White "Ghaem Maghami,E"]
[Black "Al Sayed,Mohamad"]
[Result "1/2-1/2"]
[WhiteElo "2632"]
[BlackElo "2476"]
[EventDate "2005.04.04"]

1. c4 e5 2. g3 Nc6 3. Bg2 g6 4. Nc3 Bg7 5. Rb1 a5 6. d3 d6 7. a3 Nf6 8. b4
axb4 9. axb4 O-O 10. Nf3 Re8 11. b5 Nd4 12. Nd2 c6 13. O-O d5 14. bxc6 bxc6
15. cxd5 cxd5 16. Nb3 Nxb3 17. Rxb3 h6 18. d4 exd4 19. Qxd4 1/2-1/2

[Event "7th Open"]
[Site "Dubai UAE"]
[Date "2005.04.11"]
[Round "8"]
[White "Sundararajan,K"]
[Black "Vladimirov,E"]
[Result "0-1"]
[WhiteElo "2491"]
[BlackElo "2623"]
[EventDate "2005.04.04"]

1. d4 d5 2. c4 c6 3. Nf3 Nf6 4. Nc3 dxc4 5. a4 Bg4 6. Ne5 Bh5 7. f3 Nfd7 8.
Nxc4 e5 9. g3 f6 10. dxe5 Nxe5 11. Qxd8+ Kxd8 12. Nxe5 fxe5 13. Bg5+ Kc7
14. Bh3 h6 15. Be3 Nd7 16. O-O Bc5 17. Bxc5 Nxc5 18. b4 Nb3 19. Rad1 Rad8
20. Kf2 Nd2 21. Rg1 Rd4 22. Rc1 Kb8 23. b5 c5 24. Bf5 Rhd8 25. Ne4 b6 26.
Nxd2 Rxd2 27. Rc2 Bf7 28. Rgc1 Bb3 29. Rxd2 Rxd2 30. a5 Kc7 31. Bd3 Bd5 32.
Ke3 Ra2 33. axb6+ axb6 34. f4 Kd6 35. Rd1 Ra4 36. Bc2 Rb4 37. Bh7 Rxb5 38.
Kf2 Kc6 39. fxe5 c4 40. Bf5 c3 41. e6 Kd6 42. Ke3 Ke7 43. Kd4 Bb3 44. Rf1
c2 45. g4 Rd5+ 0-1